| 000 | 01252nam a2200241Ia 4500 | ||
|---|---|---|---|
| 003 | Ost | ||
| 005 | 20260507075418.0 | ||
| 008 | 260507s9999||||xx |||||||||||||| ||und|| | ||
| 020 | _a978995732790 | ||
| 040 | _cfsecg | ||
| 041 | _aara | ||
| 082 | _a330 | ||
| 100 |
_aالأزهري، جلال جميل سلمان _eمؤلف |
||
| 245 | 0 |
_aالعولمة و المنهج الإقتصادي الإسلامي / _c جلال جميل سلمان الأزهري |
|
| 260 |
_aعمان: _bدار الحامد للنشر و التوزيع, _c2014 |
||
| 300 |
_a232 صفحة؛ _bإيضاحات ؛ _c24 سم |
||
| 504 | _aالمراجع ص.207 | ||
| 520 | _aيضم مفهوم العولمة و العالمية، آراء الكتاب و المحللين و أشكالية العولمة، النظام الرأسمالي و العولمة، عناصر العولمة، وسائل العولمة، المنهج الإقتصادي الاسلامي، الصيرفة في بلاد العرب تاريخيا - نبدة تاريخية ، النهج الاقصادي الاسلامي بديلا للعولمة. | ||
| 653 | _aالإقتصاد الإسلامي | ||
| 653 | _aالإنفتاح الإقتصادي | ||
| 653 | _aالعولمة | ||
| 942 | _cكتاب | ||
| 999 |
_c44455 _d44455 |
||